000
00281nam a2200121Ia 4500
008
220216s9999 xx 000 0 und d
100
_a
Marattukalam J.G.
245
0
_a
Rubber from deserts
260
_b
Rubber Reporter
_c
1983
300
_a
59-61
650
_a
Guayule
942
_c
BS
999
_c
51274
_d
51274